MARC

LEADER 00000nam0a2200000 4500
001 261466
005 20231101233552.0
010 |a 5247001389 
035 |a (RuTPU)RU\TPU\book\284446 
090 |a 261466 
100 |a 20140523d1988 k y0rusy50 ca 
101 0 |a rus 
102 |a RU 
105 |a a z 001zy 
200 1 |a Повышение эффективности буровзрывных работ на рудниках  |f И. Е. Ерофеев 
210 |a Москва  |c Недра  |d 1988 
215 |a 271 с.  |c ил. 
320 |a Библиогр.: с. 267-269. 
606 1 |a Буровзрывные работы  |2 stltpush  |3 (RuTPU)RU\TPU\subj\30498  |9 53601 
610 1 |a рудники 
610 1 |a взрывчатые вещества 
610 1 |a руды 
610 1 |a отбойка 
610 1 |a скважинные заряды 
610 1 |a эффективность 
610 1 |a вращательное бурение 
675 |a 622.233  |v 3 
700 1 |a Ерофеев  |b И. Е.  |g Иван Евгеньевич 
801 1 |a RU  |b 63413507  |c 20140523 
801 2 |a RU  |b 63413507  |c 20150321  |g RCR 
942 |c BK